000 00621nam a2200181Ia 4500
008 100921s9999 xx 000 0 und d
082 _b41813
_a891.463 न 06
100 _aपाटील देवदत्त.
245 _aव्याध.
260 _bनवदुर्गा प्रकाशन, कोल्हापूर.
_c2006
300 _a400
_bकलाभारती वितरण,पुणे
365 _b400
520 _aललित-कादंबरी.
630 _aव्याध.
650 _aललित-कादंबरी.
730 _aव्याध.
942 _cBOOK
999 _c790926
_d790923